Central Library OPAC University of Rajshahi

Macro-economic theory : (Record no. 46237)

MARC details
000 -LEADER
fixed length control field 00766nam a2200229 a 4500
001 - CONTROL NUMBER
control field 46237
003 - CONTROL NUMBER IDENTIFIER
rucl marc code BD-RjUl
005 - DATE AND TIME OF LATEST TRANSACTION
control field 20211209054126.0
008 - FIXED-LENGTH DATA ELEMENTS--GENERAL INFORMATION
fixed length control field 160801r19681967enka 001 0 eng
035 ## - SYSTEM CONTROL NUMBER
System control number (BD-RjUL)46355
040 ## - CATALOGING SOURCE
Original cataloging agency BD-RjUL
Language of cataloging eng
Transcribing agency BD-RjUL
041 ## - LANGUAGE CODE
Language code of text/sound track or separate title eng
082 ## - DEWEY DECIMAL CLASSIFICATION NUMBER
Edition number 23
Classification number 330.0151
Author mark and year ALM 1968
100 1# - MAIN ENTRY--PERSONAL NAME
Personal name Allen, R. G. D.
Fuller form of name (Roy George Douglas)
9 (RLIN) 131619
245 10 - TITLE STATEMENT
Title Macro-economic theory :
Remainder of title a mathematical treatment /
Statement of responsibility, etc. by R.G.D. Allen.
260 ## - PUBLICATION, DISTRIBUTION, ETC. (IMPRINT)
Place of publication, distribution, etc. London :
Name of publisher, distributor, etc. English Language Book Society ;
-- Macmillan,
Date of publication, distribution, etc. c1967 [reprint 1968]
300 ## - PHYSICAL DESCRIPTION
Pagination ix, 420 p. :
Illustrations ill. ;
Size 21 cm.
500 ## - GENERAL NOTE
General note Includes bibliographical references and index.
650 #0 - SUBJECT ADDED ENTRY--TOPICAL TERM
Topical term or geographic name as entry element Economics,
General subdivision Mathematical.
9 (RLIN) 141254
Topical term or geographic name as entry element Macroeconomics.
9 (RLIN) 141255
942 ## - ADDED ENTRY ELEMENTS (KOHA)
Source of classification or shelving scheme Dewey Decimal Classification
Koha item type Books
Holdings
Lost status Source of classification or shelving scheme Damaged status Not for loan Collection code Permanent Location Current Location Shelving location Date acquired Source of acquisition Total Checkouts Full call number Date last seen Copy number Koha item type
  Dewey Decimal Classification     Non-fiction Central Library, University of Rajshahi Central Library, University of Rajshahi   11/10/1973 U.S. Govt.   330.0151 ALM 1968 01/08/2016 C-2 Books
  Dewey Decimal Classification     Non-fiction Central Library, University of Rajshahi Central Library, University of Rajshahi   11/10/1973 U.S. Govt.   330.0151 ALM 1968 02/08/2016 C-3 Books
  Dewey Decimal Classification     Non-fiction Central Library, University of Rajshahi Central Library, University of Rajshahi   11/10/1973 U.S. Govt.   330.0151 ALM 1968 30/08/2016 C-4 Books